| 000 | 00697nam a2200253Ia 4500 | ||
|---|---|---|---|
| 003 | OSt | ||
| 005 | 20221007110623.0 | ||
| 006 | a|||||r|||| 00| 0 | ||
| 007 | ta | ||
| 008 | 221006b |||||||| |||| 00| 0 eng d | ||
| 024 | _a21,472 | ||
| 037 | _cTextual | ||
| 040 |
_aLCO _cLCO _beng |
||
| 041 |
_2eng _aeng |
||
| 082 | _aX9Y, L4 | ||
| 100 |
_aChakraborti A.M. Ed. _9707728 |
||
| 245 | 0 | _aJoint Sector | |
| 260 |
_aNew _bDelhi Institute of Company Secretaries of India India _c1974 |
||
| 300 | _a116 | ||
| 500 | _aInstitute of Company Secretaries of India | ||
| 650 |
_aJOINT SECTOR _9707729 |
||
| 942 |
_hX9Y, L4 _cTEXL |
||
| 999 |
_c1191035 _d1191035 |
||